Интенсивная терапия. Т. 2 (Запись № 13692579)

Подробности
000 -МАРКЕР
контрольное поле 01759nam2a2200289 4500
001 - ИДЕНТИФИКАТОР ЗАПИСИ
контрольное поле RU\NLR\BIBL_A\022653970
005 - ИДЕНТИФИКАТОР ВЕРСИИ
контрольное поле 20260426071918.0
010 ## - МЕЖДУНАРОДНЫЙ СТАНДАРТНЫЙ НОМЕР КНИГИ (ISBN)
Номер (ISBN) 978-5-9704-9444-8
Уточнения т. 2
021 ## - НОМЕР ГОСУДАРСТВЕННОЙ РЕГИСТРАЦИИ
Код страны Российская Федерация
Номер КН-П-25-055230
Номер Листа государственной регистраци КН-П-25-5335
035 ## - ДРУГИЕ СИСТЕМНЫЕ НОМЕРА
Идентификатор записи (NLR Aleph) 022653970
100 ## - ДАННЫЕ ОБЩЕЙ ОБРАБОТКИ
Данные общей обработки 20251024d2025 u y0rusy50 ca
101 0# - ЯЗЫК РЕСУРСА
Язык текста, звукозаписи и т.д. русский
102 ## - СТРАНА ПУБЛИКАЦИИ ИЛИ ПРОИЗВОДСТВА
Страна публикации Российская Федерация
105 ## - ПОЛЕ КОДИРОВАННЫХ ДАННЫХ: ТЕКСТОВЫЕ МАТЕРИАЛЫ, МОНОГРАФИЧЕСКИЕ
Кодированные данные о монографическом текстовом документе a z 001yy
200 0# - ЗАГЛАВИЕ И СВЕДЕНИЯ ОБ ОТВЕТСТВЕННОСТИ
Основное заглавие Т. 2
Первые сведения об ответственности [Абакумов М. М. - д-р мед. наук, проф., заслуж. деят. науки РФ, заслуж. врач РФ (Москва), Авдеев С. Н. - д-р мед. наук, проф., акад. РАН, Авдейкин С. Н. - канд. мед. наук и др.]
210 ## - ПУБЛИКАЦИЯ, РАСПРОСТРАНЕНИЕ И ДР.
Дата издания, распространения и т.д. 2025
215 ## - ФИЗИЧЕСКАЯ ХАРАКТЕРИСТИКА
Специфическое обозначение материала и объем 533 с.
Другие сведения о физической характеристике ил., табл.
300 ## - ОБЩИЕ ПРИМЕЧАНИЯ
Текст примечания Авт. указаны на с. 10-16
320 ## - ПРИМЕЧАНИЯ О НАЛИЧИИ В ДОКУМЕНТЕ БИБЛИОГРАФИИ / УКАЗАТЕЛЯ
Текст примечания Предм. указ.: с. 529-533
461 #0 - УРОВЕНЬ НАБОРА
Встроенное поле 001RU\NLR\BIBL_A\022653957
-- 2001#$aИнтенсивная терапия$eнациональное руководство$eв 2 томах$fпод редакцией И. Б. Заболотских, Д. Н. Проценко$gФедерация анестезиологов и реаниматологов [и др.]$vТ. 2
Системный номер (АБИС) связанной записи 13466303
Место публикации Москва
Дата публикации 2025
Издание 3-е изд.
Первые сведения об ответственности под редакцией И. Б. Заболотских, Д. Н. Проценко
Имя издателя, распространителя и т.д. ГЭОТАР-Медиа
Сведения, относящиеся к заглавию национальное руководство : в 2 томах
Заглавие Интенсивная терапия
ISBN 978-5-9704-9445-5
Номер тома Т. 2
701 #1 - ИМЯ ЛИЦА - АЛЬТЕРНАТИВНАЯ ОТВЕТСТВЕННОСТЬ
Начальный элемент ввода Абакумов
Часть имени, кроме начального элемента ввода М. М.
Расширение инициалов личного имени Михаил Михайлович
701 #1 - ИМЯ ЛИЦА - АЛЬТЕРНАТИВНАЯ ОТВЕТСТВЕННОСТЬ
Начальный элемент ввода Авдейкин
Часть имени, кроме начального элемента ввода С. Н.
Расширение инициалов личного имени Сергей Николаевич
942 ## - ДОПОЛНИТЕЛЬНЫЕ ЭЛЕМЕНТЫ ЗАПИСИ (АБИС)
Тип экземпляра АБИС Книга
980 ## - КОЛЛЕКЦИЯ
Название коллекции Национальная библиография

Нет доступных экземпляров.